| 000 | 00423 a2200157 4500 | ||
|---|---|---|---|
| 040 | _aDLC | ||
| 082 | _a808.8 | ||
| 100 | _aDurrani, Ittash. | ||
| 245 |
_aAsloob Daftari Zuban _cIttash,Durrani |
||
| 250 | _aVol 3 | ||
| 260 |
_aIslamabad: _bMuqtadara Qomi Zuban, _c1987. |
||
| 300 |
_a71 p. ; _c24 cm. |
||
| 500 | _aIncludes bibliographical references and index | ||
| 650 | _aTechnical writing. | ||
| 942 |
_cBK _k808.8 DUR _2ddc |
||
| 999 |
_c4957 _d4957 |
||